American Evangelicalism : (Registro nro. 9777)

Detalles MARC
000 -LEADER
campo de control de longitud fija 03693cam a22005414i 4500
003 - IDENTIFICADOR DE NÚMERO DE CONTROL
campo de control PE-LiUPU
005 - FECHA Y HORA DE LA ÚLTIMA TRANSACCIÓN
campo de control 20250731172849.0
008 - DATOS DE LONGITUD FIJA--INFORMACIÓN GENERAL
campo de control de longitud fija 140624s2014 inu rb 001 0 eng
020 ## - NÚMERO INTERNACIONAL ESTÁNDAR DEL LIBRO
Número Internacional Estándar del Libro 0268038422
020 ## - NÚMERO INTERNACIONAL ESTÁNDAR DEL LIBRO
Número Internacional Estándar del Libro 9780268038427
035 ## - NÚMERO DE CONTROL DEL SISTEMA
Número de control de sistema (Sirsi) i9780268038427
040 ## - FUENTE DE CATALOGACIÓN
Centro catalogador/agencia de origen DLC
Lengua de catalogación spa
Normas de descripción rda
Centro/agencia transcriptor DLC
Centro/agencia modificador YDX
-- BTCTA
-- OCLCF
-- YDXCP
-- COO
-- ZCU
-- CHVBK
-- TLE
-- BDX
-- LNT
-- RCT
-- EEM
-- OCLCQ
-- PE-LiUPU
049 ## - FONDOS LOCALES (OCLC)
Biblioteca depositaria PRUA
082 00 - NÚMERO DE LA CLASIFICACIÓN DECIMAL DEWEY
Número de clasificación 277.308223
Cutter A5
245 00 - MENCIÓN DEL TÍTULO
Título American Evangelicalism :
Resto del título George Marsden and the state of American religious history /
Mención de responsabilidad, etc. edited by Darren Dochuk, Thomas S. Kidd, and Kurt W. Peterson.
264 #1 - PRODUCCIÓN, PUBLICACIÓN, DISTRIBUCIÓN, FABRICACIÓN Y COPYRIGHT
Producción, publicación, distribución, fabricación y copyright Notre Dame, Indiana :
Nombre del de productor, editor, distribuidor, fabricante University of Notre Dame Press,
Fecha de producción, publicación, distribución, fabricación o copyright [2014]
300 ## - DESCRIPCIÓN FÍSICA
Extensión xvi, 518 páginas ;
Dimensiones 24 centímetros
336 ## - TIPO DE CONTENIDO
Término de tipo de contenido text
Fuente rdacontent
337 ## - TIPO DE MEDIO
Nombre/término del tipo de medio unmediated
Fuente rdamedia
338 ## - TIPO DE SOPORTE
Nombre/término del tipo de soporte volume
Fuente rdacarrier
504 ## - NOTA DE BIBLIOGRAFÍA, ETC.
Nota de bibliografía, etc. Bibliografía : páginas 490-499.
504 ## - NOTA DE BIBLIOGRAFÍA, ETC.
Nota de bibliografía, etc. Índice: páginas 507-518
505 0# - NOTA DE CONTENIDO CON FORMATO
Nota de contenido con formato Foreword: George Marsden as scholar, Christian, and friend / Nathan Hatch, Mark Noll, Harry Stout, and Grant Wacker -- Jonathan Edwards and the study of his eighteenth-century world : George Marsden's contribution to Colonial American religious historiography / Douglas A. Sweeney -- Jonathan Edwards : a life / Thomas S. Kidd -- Jonathan Edwards and Francis Asbury / John Wigger -- The evangelical mind and the historians / Margaret Bendroth -- The evangelical mind and the new school Presbyterian experience / Peter J. Wallace -- The African American Great Awakening and modernity, 1866-1900 / Jay R. Case -- Marsden and modern fundamentalism / Barry Hankins -- Fundamentalism and American culture / William L. Svelmoe -- Reorienting American religious history in the age of global Christianity : the case of Katharine Bushnell / Kristin Kobes Du Mez -- A gilded age modernist : Reuben A. Torrey and the roots of contemporary conservative evangelicalism / Timothy E.W. Gloege -- The interdenominational evangelicalism of D.L. Moody and the problem of fundamentalism / Michael S. Hamilton -- Marsden and secularization / John Schmalzbauer -- The soul of the American university / Steven M. Nolt -- More than a footnote? : evangelical ministries and the secular university / John G. Turner -- The Southernization of the evangelical mind / Rick Ostrander -- Marsden and fundamentalist resurgence / Garth M. Rosell -- Reforming fundamentalism / Darren Dochuk -- Missionary realities and the new evangelicalism in post-World War II America / Kathryn T. Long -- The evangelical left and the politicization of evangelicalism / David R. Swartz -- Conclusion: How an evangelical won the Bancroft Prize / Mark Noll.
526 ## - NOTA DE INFORMACIÓN SOBRE EL PROGRAMA DE ESTUDIO
Nombre del programa Segunda Especialidad En Profecías Bíblicas
526 ## - NOTA DE INFORMACIÓN SOBRE EL PROGRAMA DE ESTUDIO
Nombre del programa Segunda Especialidad En Nuevo Testamento
526 ## - NOTA DE INFORMACIÓN SOBRE EL PROGRAMA DE ESTUDIO
Nombre del programa Segunda Especialidad En Antiguo Testamento
526 ## - NOTA DE INFORMACIÓN SOBRE EL PROGRAMA DE ESTUDIO
Nombre del programa Segunda Especialidad En Estudios Adventistas
526 ## - NOTA DE INFORMACIÓN SOBRE EL PROGRAMA DE ESTUDIO
Nombre del programa Doctorado en teología
526 ## - NOTA DE INFORMACIÓN SOBRE EL PROGRAMA DE ESTUDIO
Nombre del programa Maestría en teología histórica
526 ## - NOTA DE INFORMACIÓN SOBRE EL PROGRAMA DE ESTUDIO
Nombre del programa Maestría en teología bíblica
526 ## - NOTA DE INFORMACIÓN SOBRE EL PROGRAMA DE ESTUDIO
Nombre del programa Maestría en teología
526 ## - NOTA DE INFORMACIÓN SOBRE EL PROGRAMA DE ESTUDIO
Nombre del programa Maestría en misionología
526 ## - NOTA DE INFORMACIÓN SOBRE EL PROGRAMA DE ESTUDIO
Nombre del programa Maestría en liderazgo eclesiástico
526 ## - NOTA DE INFORMACIÓN SOBRE EL PROGRAMA DE ESTUDIO
Nombre del programa Teología
596 ## -
-- 1
600 10 - PUNTO DE ACCESO ADICIONAL DE MATERIA--NOMBRE DE PERSONA
Nombre de persona Marsden, George M.,
Fechas asociadas al nombre 1939-
650 14 - PUNTO DE ACCESO ADICIONAL DE MATERIA--TÉRMINO DE MATERIA
Término de materia o nombre geográfico como elemento de entrada Evangelismo
Subdivisión geográfica Estados Unidos
Subdivisión general Historia.
651 #4 - PUNTO DE ACCESO ADICIONAL DE MATERIA--NOMBRE GEOGRÁFICO
Nombre geográfico Estados Unidos
Subdivisión general Historia eclesiástica.
700 1# - ENTRADA AGREGADA--NOMBRE PERSONAL
Nombre de persona Dochuk, Darren,
Término indicativo de función/relación editor.
700 1# - ENTRADA AGREGADA--NOMBRE PERSONAL
Nombre de persona Kidd, Thomas S.,
Término indicativo de función/relación editor.
700 1# - ENTRADA AGREGADA--NOMBRE PERSONAL
Nombre de persona Peterson, Kurt W.,
Término indicativo de función/relación editor.
910 ## - DATOS DE OPCIÓN DEL USUARIO (OCLC)
Datos de opción del usuario jck
-- ebj
-- ebj
-- 20160607
942 ## - ELEMENTOS DE ENTRADA SECUNDARIOS (KOHA)
Fuente del sistema de clasificación o colocación Clasificación Decimal Dewey
Tipo de ítem Koha
949 ## - PROCESAMIENTO DE INFORMACIÓN LOCAL (OCLC)
a 277.308223 A5
w DEWEY
c 1
i 73602
l CCODEBUL1
m BUL
p 33.00
r 0
s Y
t BOOK
u 2016-6-7
x TEOLOGIA
-- P85
0 COMPRA
o .STAFF. Colección General Teología
994 ## -
-- C0
-- PEPRU
999 ## - NÚMEROS DE CONTROL DE SISTEMA (KOHA)
-- DEWEY
-- 73602
-- 2021-11-11
-- 5
-- CCODEBUL1
-- BUL
-- 33.00
-- 0
-- Y
-- BOOK
-- 2016-6-7
-- TEOLOGIA
-- P85
-- COMPRA
-- .STAFF. Colección General Teología
980 ## - EQUIVALENCIA O REFERENCIA-CRUZADA-MENCIÓN DE SERIE--NOMBRE DE PERSONA/TÍTULO [LOCAL, CANADÁ]
ID del último usuario que modificó el registro 1
Nombre del último usuario que modificó el registro ALBERTO SANCHEZ Responsable de Automatización
Existencias
Visto por última vez Número de inventario Total de préstamos Signatura topográfica completa Código de barras Copia número Coste, precio de reemplazo Fecha de reemplazo Facultad Tipo de ítem Koha Nota pública Estado de pérdida Fuente del sistema de clasificación o colocación Restricciones de uso No para préstamo Colección Programa académico Biblioteca de origen Biblioteca actual Ubicación en estantería Fecha de adquisición Fuente de adquisición Coste, precio normal de compra
2025-12-02 6   277.308223 A5 73602 e1 38.00 2016-06-07   Libros físicos inventario-2023-12-13 No Perdido Clasificación Decimal Dewey No restringido Disponible para préstamos Colección General Maestría en teología Biblioteca CRAI UPeU Lima Biblioteca CRAI UPeU Lima Sala principal 2016-06-07 COMPRA 33.00